|
|
|
|
| LEADER |
00800cam a2200229 7i4500 |
| 001 |
0000018642 |
| 005 |
20210224090000.0 |
| 008 |
071102 eng |
| 020 |
|
|
|a 9780131498587
|
| 020 |
|
|
|a 0131498584 (hbk.)
|
| 040 |
|
|
|a DLC
|
| 090 |
0 |
0 |
|a QD251.3
|b .B78 2006
|
| 100 |
1 |
|
|a Bruice, Paula Yurkanis
|
| 245 |
1 |
0 |
|a Essential organic chemistry
|c Paula Yurkanis Bruice.
|
| 260 |
|
|
|a Upper Saddle River, N.J.:
|b Pearson Edu.,
|c 2006.
|
| 300 |
|
|
|a xxvi, 557 p.:
|b col. ill.;
|c 27 cm.
|
| 500 |
|
|
|a Includes index
|
| 650 |
0 |
0 |
|a Chemistry, Organic
|
| 997 |
|
|
|a Engineering & Life Sciences, Faculty
|b Science & Biotechnology, Department
|
| 998 |
|
|
|a Biotechnology & Life Sciences, Diploma
|
| 998 |
|
|
|a Biotechnology, Degree
|
| 999 |
|
|
|a 0000019980
|b BOK
|c OPEN SHELF
|e 1st Floor, Bestari Jaya
|